Βασικά μαθηματικά : απαραίτητη στην οικονομική ανάλυση
Αποθηκεύτηκε σε:
| Κύριοι συγγραφείς: | , |
|---|---|
| Μορφή: | Βιβλίο |
| Γλώσσα: | Greek |
| Δημοσίευση: |
Αθήνα :
Gutenberg,
1969
|
| Θέματα: | |
| Ετικέτες: |
Προσθήκη ετικέτας
Δεν υπάρχουν, Καταχωρήστε ετικέτα πρώτοι!
|
MARC
| LEADER | 00000nam a2200000 i 4500 | ||
|---|---|---|---|
| 001 | 1/60216 | ||
| 008 | 960301s1969 gre d | ||
| 035 | |l 10028676 | ||
| 040 | |a GR-MY-UA |b gre |e aacr | ||
| 041 | 0 | |a gre | |
| 082 | 0 | |a 510.2433 | |
| 100 | 1 | |a Λεγάτος, Γεράσιμος. | |
| 100 | 1 | |a Λεγάτος, Γεράσιμος Γ., |d 1919-2012. | |
| 245 | 1 | 0 | |a Βασικά μαθηματικά : |b απαραίτητη στην οικονομική ανάλυση |
| 260 | |a Αθήνα : |b Gutenberg, |c 1969 | ||
| 300 | |a 2Τ | ||
| 500 | |a Για χρήση των φοιτητών του οικονομικού τμήματος της Νομικής | ||
| 650 | 0 | 0 | |a Economics, Mathematical. |
| 852 | |a INST |b CHIOS |e 19960301 |h 510.2433 ΛΕΓ |p 005200000785 |q 005200000785 |t BK |y 0 |z τχ.2 | ||
| 852 | |a INST |b CHIOS |e 19960301 |h 510.2433 ΛΕΓ |p 005200000786 |q 005200000786 |t BK |y 0 |z τχ.2 | ||
| 852 | |a INST |b CHIOS |e 19960301 |h 510.2433 ΛΕΓ |p 005200000787 |q 005200000787 |t BK |y 0 |z τχ.1 | ||
| 852 | |a INST |b CHIOS |e 19960301 |h 510.2433 ΛΕΓ |p 005200000788 |q 005200000788 |t BK |y 0 |z τχ.1 | ||
| 852 | |a INST |b CHIOS |e 19960301 |h 510.2433 ΛΕΓ |p 005200000785 |q 005200000785 |t BK |v τχ.2: |y 0 |z τχ.2 | ||
| 852 | |a INST |b CHIOS |e 19960301 |h 510.2433 ΛΕΓ |p 005200000786 |q 005200000786 |t BK |v τχ.2: |y 0 |z τχ.2 | ||
| 852 | |a INST |b CHIOS |e 19960301 |h 510.2433 ΛΕΓ |p 005200000787 |q 005200000787 |t BK |v τχ.1: |y 0 |z τχ.1 | ||
| 852 | |a INST |b CHIOS |e 19960301 |h 510.2433 ΛΕΓ |p 005200000788 |q 005200000788 |t BK |v τχ.1: |y 0 |z τχ.1 | ||
| 853 | |a INST |b CHIOS |h 510.2433 ΛΕΓ | ||
| 909 | |a Χ |b 000790 | ||
| 909 | |a Χ |b 000825 | ||
| 909 | |a Χ |b 000832 | ||
| 909 | |a Χ |b 000791 | ||